[Event "French Top 12 2013"]
[Site "Haguenau FRA"]
[Date "2013.06.04"]
[Round "6.7"]
[White "Shoker, Samy"]
[Black "Houriez, Clement"]
[Result "1-0"]
[WhiteTitle "IM"]
[BlackTitle "FM"]
[WhiteElo "2469"]
[BlackElo "2285"]
[WhiteTeam "Mulhouse Philidor"]
[BlackTeam "C.E. de Rueil Malmaison"]
[WhiteFideId "627143"]
[BlackFideId "649708"]
[EventDate "2013.05.30"]

1. g3 d5 2. Bg2 c6 3. d3 e5 4. Nf3 Bd6 5. O-O Ne7 6. e4 Bg4 7. h3 Bh5 8. Nc3 d4
9. Ne2 f6 10. Nd2 Nd7 11. f4 Bf7 12. Nf3 c5 13. c4 Qc7 14. h4 Nc6 15. a3 a5 16.
Bh3 a4 17. Rf2 O-O 18. f5 b5 19. cxb5 Na5 20. g4 c4 21. g5 cxd3 22. Ng3 Bb3 23.
Qf1 Nc4 24. Qxd3 Nc5 25. Qe2 d3 26. Qf1 Bc2 27. Rxc2 dxc2 28. Qxc4+ Qf7 29. Qxc2
Nb3 30. Rb1 Rac8 31. Qd3 Rfd8 32. Be3 Bc5 33. Qe2 Qa7 34. Nf1 Nc1 35. Rxc1 Bxe3+
36. Qxe3 Qxe3+ 37. Nxe3 Rxc1+ 38. Kf2 Rd3 39. Bf1 Rxe3 40. Kxe3 Rxf1 41. b6 1-0

[Event "French Top 12 2013"]
[Site "Haguenau FRA"]
[Date "2013.06.04"]
[Round "6.8"]
[White "Congiu, Mathilde"]
[Black "Choisy, Mathilde"]
[Result "1-0"]
[WhiteTitle "WIM"]
[BlackTitle "WFM"]
[WhiteElo "2230"]
[BlackElo "2166"]
[WhiteTeam "C.E. de Rueil Malmaison"]
[BlackTeam "Mulhouse Philidor"]
[WhiteFideId "634581"]
[BlackFideId "634565"]
[EventDate "2013.05.30"]

1. e4 c5 2. Nf3 d6 3. d4 cxd4 4. Nxd4 Nf6 5. Nc3 e6 6. g4 h6 7. Rg1 Nc6 8. Be3
a6 9. Be2 Bd7 10. h4 Nxd4 11. Qxd4 Bc6 12. g5 hxg5 13. hxg5 Nd7 14. O-O-O Qa5
15. g6 O-O-O 16. gxf7 Nf6 17. Qa7 Nd7 18. Bg5 Nf6 19. Be3 Nd7 20. Bg4 Qe5 21. f4
Qf6 22. f5 Ne5 23. Bb6 Nxg4 24. fxe6 Qf4+ 25. Kb1 d5 26. Rxg4 1-0

[Event "French Top 12 2013"]
[Site "Haguenau FRA"]
[Date "2013.06.04"]
[Round "6.1"]
[White "Nyzhnyk, Illya"]
[Black "Picard, Romain"]
[Result "1-0"]
[WhiteTitle "GM"]
[BlackTitle "IM"]
[WhiteElo "2635"]
[BlackElo "2342"]
[WhiteTeam "Evry Grand Roque"]
[BlackTeam "Migne Echecs"]
[WhiteFideId "14118084"]
[BlackFideId "627216"]
[EventDate "2013.05.30"]

1. d4 Nf6 2. c4 g6 3. Nc3 d5 4. cxd5 Nxd5 5. Bd2 Bg7 6. e4 Nb6 7. Be3 O-O 8. h3
Nc6 9. Nf3 f5 10. exf5 gxf5 11. Qb3+ Kh8 12. d5 Ne5 13. O-O-O a6 14. Nxe5 Bxe5
15. g3 Qd6 16. Bg2 Bd7 17. Rhe1 a5 18. a4 Rf7 19. Nb5 Bxb5 20. Qxb5 Nd7 21. f4
Bf6 22. Bf2 Qb4 23. Kb1 Rg7 24. Rc1 Nb6 25. Qxb4 axb4 26. d6 exd6 27. Bxb7 Rb8
28. Bc6 d5 29. a5 Nc4 30. a6 b3 31. a7 Nd2+ 32. Ka1 Rgg8 33. axb8=Q Rxb8 34.
Re8+ Rxe8 35. Bxe8 1-0

[Event "French Top 12 2013"]
[Site "Haguenau FRA"]
[Date "2013.06.04"]
[Round "6.4"]
[White "Saada, Julien"]
[Black "Sochacki, Christophe"]
[Result "0-1"]
[WhiteTitle "FM"]
[BlackTitle "IM"]
[WhiteElo "2323"]
[BlackElo "2414"]
[WhiteTeam "Migne Echecs"]
[BlackTeam "Evry Grand Roque"]
[WhiteFideId "625388"]
[BlackFideId "662569"]
[EventDate "2013.05.30"]

1. d4 Nf6 2. c3 d6 3. Bg5 Nbd7 4. Nd2 c5 5. dxc5 dxc5 6. e4 Qc7 7. Ngf3 b6 8.
Bc4 Bb7 9. Qe2 h6 10. Bh4 Nh5 11. Bg3 Nxg3 12. hxg3 e6 13. Ba6 Be7 14. Bxb7 Qxb7
15. a4 O-O 16. O-O Nf6 17. c4 Nd7 18. Rad1 Rad8 19. Nb1 Nb8 20. Nc3 Nc6 21. Qe3
Qc7 22. Nb5 Qb8 23. Qf4 a6 24. Qxb8 Rxb8 25. Na3 Rfd8 26. Nc2 Bf6 27. b3 Na5 28.
e5 Be7 29. Na1 Kf8 30. Rfe1 Ke8 31. Kf1 Nc6 32. Nc2 Na5 33. Na1 Rb7 34. Rxd8+
Bxd8 35. Ke2 Rd7 36. Nd2 Nc6 37. f4 Nd4+ 38. Kf2 f5 39. Nf3 Nc6 40. Ke2 g5 41.
Nc2 g4 42. Nd2 h5 43. Rd1 Rh7 44. Nb1 Be7 45. Rh1 Kd7 46. Kd3 Nb4+ 47. Kc3 Kc6
48. Ne3 Bf8 49. Na3 Rd7 50. Rd1 Rxd1 51. Nxd1 Bh6 52. Nc2 h4 53. gxh4 Nxc2 54.
Kxc2 Bxf4 55. Nc3 Bxe5 56. Ne2 f4 57. Kd3 f3 58. gxf3 gxf3 59. Nc1 Bg7 60. Na2
Bd4 61. b4 e5 62. b5+ axb5 63. cxb5+ Kd5 64. h5 e4+ 65. Kd2 e3+ 66. Ke1 e2 0-1

[Event "French Top 12 2013"]
[Site "Haguenau FRA"]
[Date "2013.06.04"]
[Round "6.5"]
[White "Relange, Eloi"]
[Black "Tranchant, Sebastien"]
[Result "1-0"]
[WhiteTitle "GM"]
[WhiteElo "2470"]
[BlackElo "2258"]
[WhiteTeam "Evry Grand Roque"]
[BlackTeam "Migne Echecs"]
[WhiteFideId "600822"]
[BlackFideId "626732"]
[EventDate "2013.05.30"]

1. d4 Nf6 2. c4 c5 3. d5 e6 4. Nc3 exd5 5. cxd5 d6 6. e4 g6 7. h3 Bg7 8. Nf3 a6
9. a4 Nbd7 10. Bd3 Nh5 11. Bg5 Bf6 12. Bh6 Ne5 13. Be2 Nxf3+ 14. Bxf3 Ng7 15.
O-O O-O 16. Qd2 Be5 17. Rfe1 f5 18. exf5 Bxf5 19. Rxe5 dxe5 20. d6 Qd7 21. Qd5+
Kh8 22. Qxe5 c4 23. Nd5 Qf7 24. Re1 Rab8 25. a5 Bd7 26. Bg5 Bxh3 27. gxh3 Qxf3
28. Bf6 Rxf6 29. Nxf6 Rf8 30. d7 h6 1-0

[Event "French Top 12 2013"]
[Site "Haguenau FRA"]
[Date "2013.06.04"]
[Round "6.6"]
[White "Fougerit, Valentin"]
[Black "Bergez, Luc"]
[Result "1-0"]
[BlackTitle "IM"]
[WhiteElo "2209"]
[BlackElo "2399"]
[WhiteTeam "Migne Echecs"]
[BlackTeam "Evry Grand Roque"]
[WhiteFideId "634670"]
[BlackFideId "606600"]
[EventDate "2013.05.30"]

1. e4 c6 2. d4 d5 3. exd5 cxd5 4. c4 Nf6 5. Nc3 Nc6 6. Bg5 e6 7. Nf3 Be7 8. c5
h6 9. Bf4 O-O 10. Bb5 Bd7 11. O-O Ne4 12. Bd3 Nxc3 13. bxc3 b6 14. cxb6 Qxb6 15.
Qd2 g5 16. Bg3 f6 17. Rab1 Qd8 18. Bc2 Rf7 19. Qd3 Rg7 20. Rfe1 Na5 21. Nd2 Qc8
22. Re3 Nb7 23. Qe2 Nd6 24. Nb3 Nc4 25. Rf3 h5 26. h3 g4 27. Rf4 f5 28. Re1 h4
29. hxg4 hxg3 30. gxf5 Qc7 31. Qf3 Nd2 32. Nxd2 Bg5 33. Rg4 Bxd2 34. f6 Rg5 35.
Re5 Kf7 36. Rexg5 gxf2+ 37. Kxf2 Bxg5 38. Rxg5 Rh8 39. Rg7+ Ke8 40. Ba4 1-0

[Event "French Top 12 2013"]
[Site "Haguenau FRA"]
[Date "2013.06.04"]
[Round "6.7"]
[White "Milliet, Sophie"]
[Black "Picard, Clement"]
[Result "1-0"]
[WhiteTitle "IM"]
[WhiteElo "2391"]
[BlackElo "2170"]
[WhiteTeam "Evry Grand Roque"]
[BlackTeam "Migne Echecs"]
[WhiteFideId "623725"]
[BlackFideId "615455"]
[EventDate "2013.05.30"]

1. e4 e6 2. d4 d5 3. Nc3 Be7 4. Nf3 Nf6 5. Bd3 c5 6. exd5 Nxd5 7. Nxd5 Qxd5 8.
O-O cxd4 9. Nxd4 Nd7 10. Nb5 Qc6 11. c4 a6 12. Nd4 Qc7 13. Be3 Nf6 14. Rc1 O-O
15. Nb3 Bd7 16. Qe2 Rac8 17. Bd4 Qf4 18. Be5 Qg4 19. h3 Qxe2 20. Bxe2 Bc6 21.
Na5 Be4 22. f3 Bc6 23. Rfd1 Rfd8 24. Nxc6 Rxc6 25. Rxd8+ Bxd8 26. Rd1 Be7 27. g4
h6 28. b3 b6 29. f4 a5 30. Bf3 Rc8 31. Bd6 Kf8 32. Kf2 Rd8 33. Bxe7+ Kxe7 34.
Rxd8 Kxd8 35. a3 Kc7 36. Ke3 Kd6 37. b4 axb4 38. axb4 Nd7 39. Bd1 Nb8 40. Kd4
Na6 41. Kc3 Nc7 42. Bf3 f6 43. Bb7 e5 44. f5 Ne8 45. Be4 Nc7 46. Kb3 Na6 47. Ka4
Nb8 48. Kb5 Nd7 49. Bc6 Nb8 50. c5+ bxc5 51. bxc5+ Kc7 52. Be4 Nd7 53. h4 Nf8
54. c6 Nh7 55. Kc5 Nf8 56. Kd5 1-0

[Event "French Top 12 2013"]
[Site "Haguenau FRA"]
[Date "2013.06.05"]
[Round "7.1"]
[White "Swiercz, Dariusz"]
[Black "Nyzhnyk, Illya"]
[Result "0-1"]
[WhiteTitle "GM"]
[BlackTitle "GM"]
[WhiteElo "2631"]
[BlackElo "2635"]
[WhiteTeam "C.E. de Rueil Malmaison"]
[BlackTeam "Evry Grand Roque"]
[WhiteFideId "1126881"]
[BlackFideId "14118084"]
[EventDate "2013.05.30"]

1. d4 d5 2. c4 dxc4 3. Nf3 Nf6 4. e3 e6 5. Bxc4 c5 6. O-O a6 7. Bb3 cxd4 8. exd4
Nc6 9. Nc3 Be7 10. Bg5 O-O 11. Qd3 b5 12. Rad1 Nb4 13. Qe2 Bb7 14. Ne5 Nbd5 15.
Rd3 Rc8 16. Rh3 g6 17. Re1 Nxc3 18. bxc3 Nd5 19. Bh6 Bg5 20. Bxf8 Nf4 21. Qg4 h5
22. Nxg6 fxg6 23. Rxe6 Kxf8 24. Rxh5 gxh5 25. Qf5+ Kg7 26. Qe5+ Bf6 27. Qxf4
Rxc3 28. h4 Bc8 29. Re1 Qc7 30. Qd2 Bf5 31. Qd1 Bxh4 32. Qxh5 Bxf2+ 33. Kxf2
Qg3+ 34. Kg1 Qxe1+ 35. Kh2 Qg3+ 0-1

[Event "French Top 12 2013"]
[Site "Haguenau FRA"]
[Date "2013.06.05"]
[Round "7.2"]
[White "Zherebukh, Yaroslav"]
[Black "Williams, Simon K"]
[Result "1-0"]
[WhiteTitle "GM"]
[BlackTitle "GM"]
[WhiteElo "2629"]
[BlackElo "2511"]
[WhiteTeam "Evry Grand Roque"]
[BlackTeam "C.E. de Rueil Malmaison"]
[WhiteFideId "14116804"]
[BlackFideId "404454"]
[EventDate "2013.05.30"]

1. d4 e6 2. e4 d5 3. e5 c5 4. c3 Nc6 5. Nf3 Bd7 6. Be2 f6 7. O-O fxe5 8. Nxe5
Nxe5 9. dxe5 Qc7 10. c4 d4 11. Bf4 O-O-O 12. Nd2 Nh6 13. b4 Nf5 14. Ne4 Bc6 15.
Ng5 Qe7 16. b5 Be8 17. g4 Nh4 18. Ne4 Qd7 19. Bg5 Be7 20. Bxh4 Bxh4 21. Nd6+ Kb8
22. Bf3 Qc7 23. Nxb7 Bg6 24. Nxd8 Rxd8 25. Bg2 d3 26. a4 Rd4 27. f4 Qd7 28. f5
exf5 29. Qf3 d2 30. e6 1-0

[Event "French Top 12 2013"]
[Site "Haguenau FRA"]
[Date "2013.06.05"]
[Round "7.3"]
[White "Renet, Olivier"]
[Black "Fedorchuk, Sergey A."]
[Result "1/2-1/2"]
[WhiteTitle "GM"]
[BlackTitle "GM"]
[WhiteElo "2469"]
[BlackElo "2660"]
[WhiteTeam "C.E. de Rueil Malmaison"]
[BlackTeam "Evry Grand Roque"]
[WhiteFideId "600040"]
[BlackFideId "14102536"]
[EventDate "2013.05.30"]

1. e4 c5 2. Nf3 Nc6 3. Bb5 Qc7 4. O-O e6 5. Re1 Nf6 6. c3 a6 7. Bf1 d5 8. e5 Nd7
9. d4 b5 10. a3 Nb6 11. Nbd2 Bd7 12. Bd3 h6 13. Nf1 cxd4 14. cxd4 b4 15. Ng3
bxa3 16. bxa3 Na5 17. Qe2 Nbc4 18. Nh5 Rb8 19. Be3 Rb2 20. Qf1 Ba4 21. Re2 Rb6
22. Nd2 Nb2 23. Rc1 Rc6 24. Ree1 Nxd3 25. Rxc6 Qxc6 26. Qxd3 Kd7 27. h3 Bb5 28.
Qb1 Qc3 29. a4 Bxa4 30. Qb8 Bb5 31. Rb1 1/2-1/2

[Event "French Top 12 2013"]
[Site "Haguenau FRA"]
[Date "2013.06.05"]
[Round "7.4"]
[White "Nataf, Igor-Alexandre"]
[Black "Baron, Tal"]
[Result "0-1"]
[WhiteTitle "GM"]
[BlackTitle "GM"]
[WhiteElo "2548"]
[BlackElo "2467"]
[WhiteTeam "Evry Grand Roque"]
[BlackTeam "C.E. de Rueil Malmaison"]
[WhiteFideId "605492"]
[BlackFideId "2809958"]
[EventDate "2013.05.30"]

1. e4 e5 2. Nf3 Nc6 3. Nc3 Nf6 4. Bb5 Nd4 5. Bc4 Bc5 6. Nxe5 Qe7 7. Nf3 d5 8.
Bxd5 Bg4 9. d3 Nd7 10. Be3 Ne5 11. Nxd4 Bxd1 12. Nf5 Qf6 13. Bxc5 Bxc2 14. O-O
O-O-O 15. d4 Nd3 16. Be7 Qb6 17. Ba3 Nf4 18. Rfc1 Kb8 19. Bxf7 Bd3 20. Bb3 Rhe8
21. Re1 Qg6 22. Ng3 Rxd4 23. Bc5 Rdd8 24. Be3 Nh5 25. Nxh5 Qxh5 26. Rad1 Bb5 27.
Bd5 Bd7 28. Bf4 g5 29. Bg3 Qg6 30. Rc1 Rc8 31. Red1 Qg7 32. Ne2 h5 33. h4 gxh4
34. Bxh4 Bg4 35. Ng3 Bxd1 36. Nf5 Qg4 37. Bg3 Ba4 38. f3 Qg6 39. Rc4 Bd7 40. Rb4
b6 0-1

[Event "French Top 12 2013"]
[Site "Haguenau FRA"]
[Date "2013.06.05"]
[Round "7.5"]
[White "Loiseau, Quentin"]
[Black "Sochacki, Christophe"]
[Result "0-1"]
[WhiteTitle "FM"]
[BlackTitle "IM"]
[WhiteElo "2406"]
[BlackElo "2414"]
[WhiteTeam "C.E. de Rueil Malmaison"]
[BlackTeam "Evry Grand Roque"]
[WhiteFideId "665274"]
[BlackFideId "662569"]
[EventDate "2013.05.30"]

1. d4 e6 2. c4 b6 3. a3 Bb7 4. Nc3 Nf6 5. d5 exd5 6. cxd5 Bd6 7. g3 h6 8. Bg2 c6
9. dxc6 dxc6 10. Nb5 Nd5 11. Nxd6+ Qxd6 12. e4 Qe7 13. Ne2 Nf6 14. O-O O-O 15.
Nc3 Rd8 16. Qf3 Nbd7 17. Rd1 Ne5 18. Rxd8+ Qxd8 19. Qe2 a5 20. Be3 Ba6 21. Qd2
Nc4 22. Qxd8+ Rxd8 23. Rd1 Rxd1+ 24. Nxd1 c5 25. Bf4 b5 26. f3 g5 27. Bc7 a4 28.
Kf2 g4 29. e5 gxf3 30. Bxf3 Nd7 31. Be2 Ncxe5 32. Nc3 c4 33. Ke3 f6 34. Kf4 Kf7
35. Kf5 Nd3 36. Bh5+ Kg7 37. Ke6 Nf8+ 38. Ke7 Nxb2 39. Ne4 b4 40. axb4 a3 41.
Nxf6 Ng6+ 42. Bxg6 Kxg6 43. Be5 Bb7 44. Nd7 Nd1 45. Nc5 c3 46. Nb3 c2 47. Nc1
Kf5 48. Bf4 h5 49. Bd2 Bd5 50. b5 a2 51. Nxa2 Bxa2 52. b6 Bd5 53. Kd6 Nc3 54.
Bc1 Ba8 55. h3 Kg6 56. g4 h4 0-1

[Event "French Top 12 2013"]
[Site "Haguenau FRA"]
[Date "2013.06.05"]
[Round "7.6"]
[White "Relange, Eloi"]
[Black "Debray, Christopher"]
[Result "1-0"]
[WhiteTitle "GM"]
[BlackTitle "IM"]
[WhiteElo "2470"]
[BlackElo "2356"]
[WhiteTeam "Evry Grand Roque"]
[BlackTeam "C.E. de Rueil Malmaison"]
[WhiteFideId "600822"]
[BlackFideId "630810"]
[EventDate "2013.05.30"]

1. Nf3 d5 2. d4 Nf6 3. c4 c6 4. Nc3 dxc4 5. a4 Bf5 6. Ne5 Na6 7. f3 Nb4 8. e4
Be6 9. Be3 Nd3+ 10. Nxd3 cxd3 11. Bxd3 g6 12. d5 cxd5 13. Bb5+ Bd7 14. e5 a6 15.
Be2 Nh5 16. Nxd5 Be6 17. Nb6 Qxd1+ 18. Rxd1 Rb8 19. Kf2 f5 20. f4 Bh6 21. g3 Kf7
22. Rc1 Rhd8 23. Rc7 Bf8 24. Rd1 Rxd1 25. Bxd1 Ng7 26. Bf3 Ne8 27. Rxb7 Rxb7 28.
Bxb7 Nc7 29. b4 Bb3 30. b5 axb5 31. a5 e6 32. a6 b4 33. a7 Ke8 34. Bc6+ Kf7 35.
Bd4 Bc2 36. a8=Q Nxa8 37. Bxa8 b3 38. Nc4 Bb4 39. Bc6 Bd3 40. Nb2 Bc2 41. Ba4 h6
42. Nc4 g5 43. fxg5 hxg5 44. Ne3 Be4 45. Bxb3 Be7 46. Nc4 Bd5 47. Nd6+ Bxd6 48.
Bxd5 Bxe5 49. Bxe5 exd5 50. Ke3 1-0

[Event "French Top 12 2013"]
[Site "Haguenau FRA"]
[Date "2013.06.05"]
[Round "7.7"]
[White "Camus de Solliers, Guillaume"]
[Black "Milliet, Sophie"]
[Result "1/2-1/2"]
[WhiteTitle "FM"]
[BlackTitle "IM"]
[WhiteElo "2346"]
[BlackElo "2391"]
[WhiteTeam "C.E. de Rueil Malmaison"]
[BlackTeam "Evry Grand Roque"]
[WhiteFideId "631256"]
[BlackFideId "623725"]
[EventDate "2013.05.30"]

1. d4 Nf6 2. Nf3 e6 3. c4 c5 4. d5 b5 5. Bg5 exd5 6. cxd5 h6 7. Bxf6 Qxf6 8. Qc2
Be7 9. e4 Qb6 10. a4 bxa4 11. Nbd2 Na6 12. Nc4 Nb4 13. Qxa4 Qg6 14. Nfd2 O-O 15.
Ra3 Bg5 16. g3 Bxd2+ 17. Nxd2 Qf6 18. Qb3 d6 19. Be2 Rb8 20. Qc3 Qe7 21. f3 Re8
22. Bc4 a6 23. O-O Rb6 24. Rf2 Bd7 25. Bf1 Bb5 26. Nc4 Bxc4 27. Bxc4 Qe5 28. Re2
f6 29. f4 Qd4+ 30. Qxd4 cxd4 31. Kf2 g5 32. Kf3 h5 33. h3 Kf7 34. b3 d3 35. Rd2
g4+ 36. hxg4 hxg4+ 37. Kxg4 Rxe4 38. Bxd3 f5+ 39. Kxf5 Rd4 40. Ra4 Rxd5+ 41. Ke4
Rxd3 42. Rxd3 Nxd3 43. Kxd3 Rxb3+ 44. Ke4 Rxg3 45. Rxa6 Rg6 46. Ra7+ Kf6 47. Rd7
Ke6 48. f5+ 1/2-1/2

[Event "French Top 12 2013"]
[Site "Haguenau FRA"]
[Date "2013.06.05"]
[Round "7.8"]
[White "Bergez, Luc"]
[Black "Congiu, Mathilde"]
[Result "1-0"]
[WhiteTitle "IM"]
[BlackTitle "WIM"]
[WhiteElo "2399"]
[BlackElo "2230"]
[WhiteTeam "Evry Grand Roque"]
[BlackTeam "C.E. de Rueil Malmaison"]
[WhiteFideId "606600"]
[BlackFideId "634581"]
[EventDate "2013.05.30"]

1. e4 d5 2. exd5 Nf6 3. d4 Bg4 4. Bb5+ Nbd7 5. f3 Bf5 6. c4 a6 7. Ba4 b5 8. cxb5
Nxd5 9. bxa6 Rxa6 10. Ne2 Nb4 11. O-O Rxa4 12. Qxa4 Nc2 13. Ng3 Bg6 14. Na3 Nxa1
15. Be3 e6 16. Rxa1 Be7 17. d5 exd5 18. Rd1 O-O 19. Nb5 Bc5 20. Bxc5 Nxc5 21.
Qa7 Qe7 22. b4 Ne6 23. a3 Nf4 24. Qd4 Ne2+ 25. Nxe2 Qxe2 26. Nxc7 Bc2 27. Rc1
Bb3 28. b5 Qe7 29. Qc5 Qd7 30. b6 h5 31. b7 Rb8 32. Qa7 Qd8 33. Na6 1-0

[Event "French Top 12 2013"]
[Site "Haguenau FRA"]
[Date "2013.06.05"]
[Round "7.2"]
[White "Landa, Konstantin"]
[Black "Inkiov, Ventzislav"]
[Result "1-0"]
[WhiteTitle "GM"]
[BlackTitle "GM"]
[WhiteElo "2644"]
[BlackElo "2465"]
[WhiteTeam "Vandoeuvre-Echecs"]
[BlackTeam "Migne Echecs"]
[WhiteFideId "4101685"]
[BlackFideId "2900033"]
[EventDate "2013.05.30"]

1. Nf3 d5 2. d4 Nf6 3. c4 e6 4. Nc3 dxc4 5. Qa4+ Nbd7 6. e4 c5 7. Bf4 a6 8.
O-O-O cxd4 9. Nxd4 Bc5 10. e5 O-O 11. exf6 Qxf6 12. Be3 b5 13. Qc2 Bb7 14. Be2
Qe7 15. Bf3 Ne5 16. Bxb7 Qxb7 17. Qe4 Qxe4 18. Nxe4 Bxd4 19. Rxd4 Nd3+ 20. Kc2
f5 21. Ng5 f4 22. Bd2 e5 23. Rd5 Nxf2 24. Re1 Nd3 25. Re4 Rad8 26. Rxd8 Rxd8 27.
Nf3 h6 28. Bc3 g5 29. Nxe5 Re8 30. a3 a5 31. Ng4 Rxe4 32. Nf6+ Kf7 33. Nxe4 b4
34. Nd6+ Ke6 35. Nxc4 bxc3 36. Kxd3 cxb2 37. Nxb2 Kd5 38. Nc4 h5 39. Nxa5 g4 40.
Nc4 h4 41. Nd2 1-0

[Event "French Top 12 2013"]
[Site "Haguenau FRA"]
[Date "2013.06.05"]
[Round "7.3"]
[White "Picard, Romain"]
[Black "Meier, Georg"]
[Result "1/2-1/2"]
[WhiteTitle "IM"]
[BlackTitle "GM"]
[WhiteElo "2342"]
[BlackElo "2655"]
[WhiteTeam "Migne Echecs"]
[BlackTeam "Vandoeuvre-Echecs"]
[WhiteFideId "627216"]
[BlackFideId "4675789"]
[EventDate "2013.05.30"]

1. e4 c6 2. d4 d5 3. Nd2 dxe4 4. Nxe4 Nd7 5. Nf3 Ngf6 6. Nxf6+ Nxf6 7. c3 Bg4 8.
Be2 e6 9. Bf4 Be7 10. O-O O-O 11. h3 Bh5 12. Qb3 Nd5 13. Bg3 Qb6 14. Rfe1 c5 15.
dxc5 Bxc5 16. Ne5 Bxe2 17. Rxe2 Rfd8 18. Nc4 Qa6 19. Rd2 Nf6 20. Re1 b5 21.
Rxd8+ Rxd8 22. Ne5 Qb6 23. Qc2 h6 24. Qe2 Qb7 25. Rd1 Rxd1+ 26. Qxd1 a6 27. Kf1
Bb6 28. Qd3 Ne4 29. Bh4 g5 30. Nd7 f5 31. f3 Nc5 32. Nxc5 Bxc5 33. Qd8+ Kf7 34.
Bf2 Be7 35. Qh8 Qd5 36. Qxh6 Qxa2 37. Qh5+ Kf8 38. Qh8+ Kf7 39. Qh5+ Kf8 40.
Qh8+ Kf7 1/2-1/2

[Event "French Top 12 2013"]
[Site "Haguenau FRA"]
[Date "2013.06.05"]
[Round "7.4"]
[White "Brunner, Nicolas"]
[Black "Saada, Julien"]
[Result "1-0"]
[WhiteTitle "IM"]
[BlackTitle "FM"]
[WhiteElo "2412"]
[BlackElo "2323"]
[WhiteTeam "Vandoeuvre-Echecs"]
[BlackTeam "Migne Echecs"]
[WhiteFideId "620246"]
[BlackFideId "625388"]
[EventDate "2013.05.30"]

1. d4 d5 2. c4 e6 3. Nc3 Nf6 4. cxd5 exd5 5. Bg5 c6 6. e3 Be7 7. Qc2 Nbd7 8. Bd3
O-O 9. Nge2 Re8 10. O-O Nf8 11. f3 Nh5 12. Bxe7 Rxe7 13. Qd2 f5 14. Ng3 Nxg3 15.
hxg3 Be6 16. Rab1 Qd6 17. Kf2 Nd7 18. b4 Nf6 19. b5 Rf8 20. bxc6 bxc6 21. Ne2
Bc8 22. Rb3 Rfe8 23. Bb1 Ba6 24. Bxf5 Bc4 25. Rc3 Qb4 26. Rb1 Qa5 27. Rb2 Rf8
28. Nf4 g6 29. Bb1 g5 30. Nh3 Ng4+ 31. Kg1 Nxe3 32. Bxh7+ Kh8 33. Bb1 Nd1 34.
Qxg5 Qxc3 35. Qxe7 Qxd4+ 36. Nf2 1-0

[Event "French Top 12 2013"]
[Site "Haguenau FRA"]
[Date "2013.06.05"]
[Round "7.5"]
[White "Tranchant, Sebastien"]
[Black "Philippe, Christophe"]
[Result "0-1"]
[BlackTitle "IM"]
[WhiteElo "2258"]
[BlackElo "2372"]
[WhiteTeam "Migne Echecs"]
[BlackTeam "Vandoeuvre-Echecs"]
[WhiteFideId "626732"]
[BlackFideId "610038"]
[EventDate "2013.05.30"]

1. d4 f5 2. g3 Nf6 3. Bg2 g6 4. Nf3 Bg7 5. b3 O-O 6. Bb2 d6 7. O-O Ne4 8. Nbd2
Nc6 9. Ne1 Nxd2 10. Qxd2 e5 11. Bd5+ Kh8 12. Bxc6 bxc6 13. dxe5 dxe5 14. Nd3 e4
15. Bxg7+ Kxg7 16. Qc3+ Qf6 17. Qxf6+ Kxf6 18. Nc5 Rd8 19. Rfd1 Rd5 20. Na4 Be6
21. c4 Rd6 22. Kf1 g5 23. Nc5 Rad8 24. Ke1 Bc8 25. g4 Ke5 26. gxf5 Rf8 27. f3
exf3 28. Nd3+ Kxf5 29. exf3 Rfd8 30. Nf2 Kf4 31. Ke2 Re8+ 32. Kf1 Kxf3 33. Rxd6
cxd6 34. Rd1 d5 35. cxd5 cxd5 36. Nd3 Ba6 37. Kg1 Bxd3 38. Rxd3+ Re3 39. Rd1 d4
40. h4 d3 0-1

[Event "French Top 12 2013"]
[Site "Haguenau FRA"]
[Date "2013.06.05"]
[Round "7.7"]
[White "Fougerit, Valentin"]
[Black "Nezar, Mustapha"]
[Result "1/2-1/2"]
[BlackTitle "IM"]
[WhiteElo "2209"]
[BlackElo "2396"]
[WhiteTeam "Migne Echecs"]
[BlackTeam "Vandoeuvre-Echecs"]
[WhiteFideId "634670"]
[BlackFideId "608637"]
[EventDate "2013.05.30"]

1. e4 c5 2. Nf3 e6 3. c3 Nf6 4. e5 Nd5 5. d4 cxd4 6. cxd4 d6 7. Bc4 Nb6 8. Bb3
dxe5 9. Nxe5 Nc6 10. Nxc6 bxc6 11. O-O Be7 12. Nc3 Ba6 13. Re1 O-O 14. Ne4 Bc4
15. Bc2 Nd5 16. b3 Ba6 17. a3 Re8 18. Qh5 g6 19. Qh3 Nf6 20. Nc5 Bc8 21. Qd3 a5
22. Bg5 Nd7 23. Bxe7 Qxe7 24. Qc3 Nxc5 25. dxc5 Rd8 26. Be4 Qc7 27. Rad1 Rxd1
28. Rxd1 Bd7 29. Rd6 Be8 30. Qd4 Rb8 31. Bc2 Qe7 32. h4 e5 33. Qa4 Rb5 34. Qc4
Bd7 35. Qd3 Bf5 36. Qd2 Rxc5 37. Bxf5 gxf5 38. h5 f4 39. h6 Rc1+ 40. Qxc1 Qxd6
41. Qe1 Qd5 42. Qe2 Kf8 43. Qg4 Ke7 44. Qf5 Qd6 1/2-1/2

[Event "French Top 12 2013"]
[Site "Haguenau FRA"]
[Date "2013.06.05"]
[Round "7.8"]
[White "Guichard, Pauline"]
[Black "Le Bail, Clara"]
[Result "1-0"]
[WhiteTitle "WGM"]
[WhiteElo "2351"]
[BlackElo "1969"]
[WhiteTeam "Vandoeuvre-Echecs"]
[BlackTeam "Migne Echecs"]
[WhiteFideId "639370"]
[BlackFideId "648167"]
[EventDate "2013.05.30"]

1. d4 Nf6 2. c4 g6 3. Nc3 d5 4. cxd5 Nxd5 5. e3 Bg7 6. Nxd5 Qxd5 7. Ne2 O-O 8.
Nc3 Qd8 9. Be2 c5 10. d5 e6 11. e4 exd5 12. exd5 Nd7 13. O-O b6 14. Bf4 Bb7 15.
Qd2 Ne5 16. Rfe1 Qd7 17. Rad1 Qf5 18. Bf1 Rfd8 19. h3 h5 20. Qe3 Nd7 21. Bd3 Qf6
22. Bg5 Qd4 23. Qc1 Qb4 24. Re4 c4 25. Rxc4 Qf8 26. Rc7 Bc8 27. Bxd8 Qxd8 28. d6
Nc5 29. Ne4 Ne6 30. Bb5 1-0

[Event "French Top 12 2013"]
[Site "Haguenau FRA"]
[Date "2013.06.05"]
[Round "7.3"]
[White "Rapport, Richard"]
[Black "Sokolov, Andrei1"]
[Result "1-0"]
[WhiteTitle "GM"]
[BlackTitle "GM"]
[WhiteElo "2674"]
[BlackElo "2563"]
[WhiteTeam "Clichy-Echecs-92"]
[BlackTeam "Mulhouse Philidor"]
[WhiteFideId "738590"]
[BlackFideId "627089"]
[EventDate "2013.05.30"]

1. d4 Nf6 2. c4 e6 3. Nf3 d5 4. Nc3 Be7 5. Bg5 O-O 6. e3 h6 7. Bxf6 Bxf6 8. Qd2
b6 9. O-O-O Nc6 10. h4 g6 11. g4 Bg7 12. g5 h5 13. e4 dxe4 14. Nxe4 e5 15. d5
Bg4 16. Be2 Bxf3 17. Bxf3 Nd4 18. Bxh5 gxh5 19. f4 Re8 20. f5 Nxf5 21. Rdf1 Nd6
22. Nf6+ Kf8 23. Qe2 Qc8 24. Kb1 Bxf6 25. gxf6 Qg4 26. Qd2 Red8 27. Rhg1 Qxh4
28. Rh1 Qe4+ 29. Ka1 Ke8 30. Re1 Qg6 31. c5 Ne4 32. Qb4 Nxf6 33. Rxe5+ Kf8 34.
cxb6+ Kg7 35. bxc7 Rxd5 36. Rxd5 Nxd5 37. Qd4+ Nf6 38. Rg1 Re8 39. Rxg6+ 1-0